Normal view
MARC view
Entry Personal Name
001 - CONTROL NUMBER
- control field: 18134
003 - CONTROL NUMBER IDENTIFIER
- control field: BD-RjUL
005 - DATE AND TIME OF LATEST TRANSACTION
- control field: 20260415104434.0
008 - FIXED-LENGTH DATA ELEMENTS
- fixed length control field: 260415|| aca||aabn | a|a d
040 ## - CATALOGING SOURCE
- Original cataloging agency: BD-RjUL
- Transcribing agency: BD-RjUL
100 ## - HEADING--PERSONAL NAME
- Personal name: Sharmin, Rezowana
670 ## - SOURCE DATA FOUND
- Source citation: Work cat.: (BD-RjUL)86364: Sharmin, Rezowana , Comparative Study for Rapid Diagnosis of Typhoid Fever by Blood Culture, Agglutination Test and Nested PCR of Blood and Urine Targeting the Flagelline Gene (fli C) /, 2024